Currencies of Europe Pre-Euro (with a map) - Statistics

General Stats
  • This quiz has been taken 607 times
  • The average score is 27 of 42
Answers on the Map
Answers color-coded by a green-red scale on the quiz's map according to % correct below.
 
Answer Stats
Country % Correct
Pound
98%
Pound
98%
Franc
95%
Franc
95%
Franc
95%
Franc
95%
Franc
95%
Franc
95%
Mark
88%
Mark
88%
Ruble
88%
Ruble
88%
Lira
84%
Lira
84%
Lira
84%
Lira
84%
Krone
81%
Krone
81%
Krona
78%
Krona
78%
Złoty
72%
Denar
52%
Dinar
52%
Peseta
50%
Drachma
49%
Lev
49%
Koruna
48%
Koruna
48%
Forint
47%
Schilling
47%
Leu
46%
Leu
46%
Lek
41%
Escudo
39%
Guilder
38%
Kuna
36%
Hryvnia
35%
Markka
30%
Lats
21%
Litas
19%
Kroon
18%
Tolar
18%
No matching quizzes found
Score Distribution
Percent of People with Each Score
Percentile by Number Answered
Your Score History
You have not taken this quiz